Regionálne priemyselné klastre a problémy (nielen) s ich identifikáciou
Vymedzenie pojmu klaster v ekonomickej literatúre. Prezentácia konceptu (regionálnych priemyselných) klastrov s pokázaním na jeho historických predchodcov. Dôvody, ktoré sú príčinou jeho nejednoznačného a konfrontačného ponímania zo strany vedeckých a politických autorít. Identifikácia klastrov a vý...
Na minha lista:
| Autor principal: | |
|---|---|
| Formato: | Capítulo de Livro |
| Idioma: | eslovaco |
| Assuntos: | |
| Tags: |
Sem tags, seja o primeiro a adicionar uma tag!
|
MARC
| LEADER | 00000naa$a2200000$$$4500 | ||
|---|---|---|---|
| 001 | 0076111 | ||
| 005 | 20231102111740.6 | ||
| 041 | 0 | |a slo | |
| 044 | |a SK | ||
| 245 | 1 | 0 | |a Regionálne priemyselné klastre a problémy (nielen) s ich identifikáciou |c Vladimír Székely |
| 520 | |a Vymedzenie pojmu klaster v ekonomickej literatúre. Prezentácia konceptu (regionálnych priemyselných) klastrov s pokázaním na jeho historických predchodcov. Dôvody, ktoré sú príčinou jeho nejednoznačného a konfrontačného ponímania zo strany vedeckých a politických autorít. Identifikácia klastrov a výber vhodných metodických postupov na ich odvetvové a priestorové vymedzenie. | ||
| 610 | 2 | 0 | |a klaster |
| 610 | 2 | 0 | |a ekonomika regionálna |
| 610 | 2 | 0 | |a definície |
| 610 | 2 | 0 | |a koncentrácia |
| 610 | 2 | 0 | |a špecializácia |
| 610 | 2 | 0 | |a kooperácia |
| 610 | 2 | 0 | |a kooperácia medzipodniková |
| 610 | 2 | 0 | |a vzťahy dodávateľsko-odberateľské |
| 100 | 1 | |a Székely, Vladimír | |